| 000 | 00386nam a22001457a 4500 | ||
|---|---|---|---|
| 020 | _qPB. | ||
| 040 | _cFIZZA ISHAQ | ||
| 082 |
_a155.9042 _bOST |
||
| 100 |
_aOsterkamp, Lynn. _9134054 |
||
| 245 |
_aStress? Find Your Balance / _cLynn Osterkamp. |
||
| 250 | _a2nd ED. | ||
| 260 |
_aNew York: _bPreventive Measures, _c1988. |
||
| 300 |
_a143 P. ; _c8.5 x 5.5 inches |
||
| 942 |
_2ddc _cBK |
||
| 999 |
_c616983 _d616983 |
||